Case news: Sims v Mahon (Record no. 75965)

MARC details
000 -LEADER
fixed length control field 01412cab a2200205 4500
001 - CONTROL NUMBER
control field ##L131139
008 - FIXED-LENGTH DATA ELEMENTS--GENERAL INFORMATION
fixed length control field 051003n2005 000 0 eng u
035 ## - SYSTEM CONTROL NUMBER
System control number (Sirsi) u131139
041 0# - LANGUAGE CODE
Language code of text/sound track or separate title eng
100 1# - MAIN ENTRY--PERSONAL NAME
Personal name Ross, Jonathan
245 00 - TITLE STATEMENT
Title Case news: Sims v Mahon
260 ## - PUBLICATION, DISTRIBUTION, ETC.
Date of publication, distribution, etc. 2005
490 #0 - SERIES STATEMENT
Series statement Property Week
Volume/sequential designation (70)38 23 September 2005, 77(1)
520 ## - SUMMARY, ETC.
Summary, etc. 8 June 2005. This case (OLD, [2005 EG 158) involves a restrictive covenant on land sold to neighbours. Mr and Mrs Houghton sold the Sims the land in 1995, with a covenant that the land was to be used as a private garden, with only a greenhouse, shed or domestic garage erected on the plot. S proposed to build a double garage and store, and H had no objection to this. H subsequently sold their house to M who objected to the proposed development. At the initial hearing it was proposed that S needed the consent of M rather than H. "Held:" the judge decided that although the covenant could be interpreted that H had to provide consent, he considered that the future owners, including at this time M, were als intended to have benefit of the covenant. However it was ruled that M could only refuse on the grounds that any reasonable neighbour would also have refused.
590 ## - LOCAL NOTE (RLIN)
Local note IKA111005
650 24 - SUBJECT ADDED ENTRY--TOPICAL TERM
Topical term or geographic name entry element R SIMS AND ANOTHER V MAHON AND ANOTHER
650 24 - SUBJECT ADDED ENTRY--TOPICAL TERM
Topical term or geographic name entry element LAW OF PROPERTY ACT 1925 S78
690 ## - LOCAL SUBJECT ADDED ENTRY--TOPICAL TERM (OCLC, RLIN)
Topical term or geographic name as entry element PROPERTY-PROPERTY DEVELOPMENT
942 ## - ADDED ENTRY ELEMENTS (KOHA)
Suppress in OPAC 0
Holdings
Withdrawn status Lost status Source of classification or shelving scheme Damaged status Not for loan Home library Current library Shelving location Date acquired Total Checkouts Full call number Barcode Date last seen Copy number Price effective from Koha item type
    Dewey Decimal Classification     London London Journal article 03/10/2005   L131139 131139-1001 06/08/2019 1 06/08/2019 Journal article